[Event "World Amateur-ch U2000"]
[Site "Muscat"]
[Date "2023.11.10"]
[Round "9.1"]
[White "Khazhatuly, Alikhan"]
[Black "Amarsaikhan, Dashtogtokh"]
[Result "0-1"]
[WhiteElo "1930"]
[BlackElo "1836"]
[PlyCount "108"]
[EventDate "2023.11.02"]
[EventType "swiss"]
[EventRounds "9"]
[EventCountry "OMN"]
[SourceTitle "CB46_2023"]
[SourceDate "2023.11.15"]
[SourceVersion "1"]
[SourceVersionDate "2023.11.15"]
[SourceQuality "1"]

1. d4 Nf6 2. c4 e6 3. Nc3 Bb4 4. Qc2 Nc6 5. Nf3 d6 6. e3 e5 7. d5 Bxc3+ 8. Qxc3 Ne7 9. Be2 a5 10. 0-0 Ne4 11. Qc2 Nc5 12. e4 0-0 13. Be3 b6 14. Bxc5 bxc5 15. Rfe1 f5 16. exf5 Bxf5 17. Bd3 h6 18. Be4 Qe8 19. Bxf5 Nxf5 20. Re4 Qd7 21. Rae1 Rf6 22. h3 Raf8 23. R1e2 R8f7 24. b3 Qe8 25. Qd2 Qa8 26. Qd1 Qb8 27. Qd2 Qb4 28. Qc2 Rf8 29. Rd2 Ra8 30. a4 Rb8 31. Rd3 Rbf8 32. Rd2 R8f7 33. Rde2 g6 34. Kh2 Rg7 35. Qd3 g5 36. Rg4 Kf7 37. Rge4 h5 38. h4 gxh4 39. Nxh4 Nd4 40. R2e3 Rxf2 41. Rg3 Qd2 42. Rxg7+ Kxg7 43. Qg3+ Kf8 44. Ng6+ Kf7 45. Nh8+ Ke8 46. Qg8+ Rf8 47. Qg6+ Kd8 48. Nf7+ Kc8 49. Qxh5 Kb8 50. Rh4 Qf2 51. Ng5 Ne2 52. Nf3 Qg3+ 53. Kh1 Rxf3 54. Qe8+ Ka7 0-1

[Event "World Amateur-ch U2000"]
[Site "Muscat"]
[Date "2023.11.09"]
[Round "8.1"]
[White "Amarsaikhan, Dashtogtokh"]
[Black "Velavaa, Ragavesh"]
[Result "1-0"]
[WhiteElo "1836"]
[BlackElo "1957"]
[PlyCount "87"]
[EventDate "2023.11.02"]
[EventType "swiss"]
[EventRounds "9"]
[EventCountry "OMN"]
[SourceTitle "CB46_2023"]
[SourceDate "2023.11.15"]
[SourceVersion "1"]
[SourceVersionDate "2023.11.15"]
[SourceQuality "1"]

1. e4 c5 2. Nc3 a6 3. g3 b5 4. Bg2 Bb7 5. Nge2 Nf6 6. Nd5 e6 7. Nxf6+ gxf6 8. 0-0 Nc6 9. d4 cxd4 10. Nxd4 Qc7 11. c3 h5 12. h4 Bd6 13. a4 bxa4 14. Rxa4 Ne7 15. b3 Nc8 16. c4 Nb6 17. Ra2 Be7 18. Be3 d6 19. Rc2 Nd7 20. b4 Ne5 21. Qe2 Ng4 22. Rfc1 f5 23. exf5 e5 24. Nf3 Be4 25. Rb2 Rc8 26. Nxe5 Bxg2 27. Nxg4 hxg4 28. Kxg2 Qb7+ 29. Kg1 Kd7 30. Bd4 Bxh4 31. Bxh8 Rxh8 32. c5 Qa8 33. c6+ Kc7 34. gxh4 Re8 35. Qc4 Re7 36. b5 axb5 37. Rxb5 g3 38. Rb7+ Kc8 39. Rxe7 gxf2+ 40. Kf1 Qa3 41. Re8+ Kc7 42. Qxf7+ Kb6 43. Qb7+ Ka5 44. Ra8# 1-0

[Event "World Amateur-ch U2000"]
[Site "Muscat"]
[Date "2023.11.03"]
[Round "2.1"]
[White "Mirzaei, Saleh"]
[Black "Amarsaikhan, Dashtogtokh"]
[Result "0-1"]
[WhiteElo "1986"]
[BlackElo "1836"]
[PlyCount "67"]
[EventDate "2023.11.02"]
[EventType "swiss"]
[EventRounds "9"]
[EventCountry "OMN"]
[SourceTitle "CB46_2023"]
[SourceDate "2023.11.15"]
[SourceVersion "1"]
[SourceVersionDate "2023.11.15"]
[SourceQuality "1"]

1. e4 e5 2. Nf3 Nc6 3. Bb5 a6 4. Ba4 Nf6 5. Qe2 b5 6. Bb3 Be7 7. a4 b4 8. d4 d5 9. exd5 Nxd4 10. Nxd4 exd4 11. Bg5 0-0 12. Nd2 Bb7 13. Bxf6 Bxf6 14. Ne4 Re8 15. 0-0-0 Bxd5 16. Bxd5 Bg5+ 17. Kb1 Qxd5 18. Rhe1 f5 19. Qh5 fxe4 20. h4 Re5 21. hxg5 Rxg5 22. Qh3 c5 23. f4 Rf5 24. Rh1 h6 25. g4 Rxf4 26. g5 Qxg5 27. Qe6+ Kh7 28. Rdg1 Qf6 29. Qd5 Rc8 30. Qd7 Rf8 31. Qh3 e3 32. Qh5 Qf5 33. Rxg7+ Kxg7 34. Rg1+ 0-1

[Event "Belt and Road Hunan op-C"]
[Site "Changsha"]
[Date "2019.08.02"]
[Round "8"]
[White "Mahmoody, M Sadegh"]
[Black "Amarsaikhan, Dashtogtokh"]
[Result "0-1"]
[WhiteElo "1900"]
[BlackElo "1685"]
[PlyCount "70"]
[EventDate "2019.07.29"]
[EventType "swiss"]
[EventRounds "9"]
[EventCountry "CHN"]
[SourceTitle "EXT 2020"]
[Source "ChessBase"]
[SourceDate "2019.10.17"]
[SourceVersion "1"]
[SourceVersionDate "2019.10.17"]
[SourceQuality "1"]

1. c4 e5 2. Nc3 Nc6 3. g3 g6 4. Bg2 Bg7 5. e3 d6 6. Nge2 Be6 7. b3 Qd7 8. h3 Nge7 9. e4 f5 10. f3 0-0 11. d3 Rf7 12. Nd5 Raf8 13. Be3 f4 14. Bf2 fxg3 15. Bxg3 Nd8 16. Qd2 c6 17. Nxe7+ Qxe7 18. 0-0-0 d5 19. h4 h5 20. Rdf1 dxc4 21. dxc4 b5 22. cxb5 cxb5 23. Nc3 Nc6 24. Nd5 Bxd5 25. exd5 Nd4 26. Qd3 Kh7 27. Kb1 a5 28. f4 exf4 29. Bf2 f3 30. Bh3 Ne2 31. Be6 Qf6 32. Bd4 Nxd4 33. Bxf7 Rxf7 34. Rh2 Ne2 35. Rxe2 fxe2 0-1

[Event "Belt and Road Hunan op-C"]
[Site "Changsha"]
[Date "2019.07.31"]
[Round "4"]
[White "Chen, Yuan1111"]
[Black "Amarsaikhan, Dashtogtokh"]
[Result "1-0"]
[WhiteElo "1902"]
[BlackElo "1685"]
[PlyCount "115"]
[EventDate "2019.07.29"]
[EventType "swiss"]
[EventRounds "9"]
[EventCountry "CHN"]
[SourceTitle "EXT 2020"]
[Source "ChessBase"]
[SourceDate "2019.10.17"]
[SourceVersion "1"]
[SourceVersionDate "2019.10.17"]
[SourceQuality "1"]

1. e4 e5 2. Nf3 Nc6 3. Bb5 a6 4. Ba4 Nf6 5. 0-0 b5 6. Bb3 Be7 7. Re1 d6 8. c3 0-0 9. d3 Nb8 10. Nbd2 c5 11. Nf1 Qc7 12. Bc2 Nbd7 13. Ng3 g6 14. Bg5 Re8 15. Qd2 Nf8 16. h3 Ne6 17. Be3 Bf8 18. d4 c4 19. d5 Nc5 20. Bh6 Nfd7 21. Bxf8 Rxf8 22. Qh6 f6 23. Nh4 Nb6 24. Qd2 Qg7 25. Rf1 Bd7 26. b4 cxb3 27. axb3 a5 28. Rfb1 Rfc8 29. Bd3 Qe7 30. Nf3 Qe8 31. b4 Nca4 32. bxa5 Nc4 33. Bxc4 Rxc4 34. Rb4 Qc8 35. Ne2 Rxa5 36. Rxc4 Qxc4 37. Qe3 Ra8 38. Nd2 Qc7 39. Kh2 Rc8 40. Rc1 Nb6 41. f4 Ra8 42. fxe5 fxe5 43. Rf1 Be8 44. Nf3 Nd7 45. Qh6 Qd8 46. Ng5 Qe7 47. Ne6 Ra2 48. Ng3 Rc2 49. Rf3 Ra2 50. Nf5 gxf5 51. Rg3+ Bg6 52. exf5 Nf8 53. fxg6 Nxg6 54. Ng5 Qg7 55. Qh5 Kh8 56. Nxh7 Qxh7 57. Qxg6 Qxg6 58. Rxg6 1-0

[Event "Belt and Road Hunan op-C"]
[Site "Changsha"]
[Date "2019.07.30"]
[Round "3"]
[White "Amarsaikhan, Dashtogtokh"]
[Black "Yang, Bokai"]
[Result "1/2-1/2"]
[WhiteElo "1685"]
[BlackElo "1927"]
[PlyCount "59"]
[EventDate "2019.07.29"]
[EventType "swiss"]
[EventRounds "9"]
[EventCountry "CHN"]
[SourceTitle "EXT 2020"]
[Source "ChessBase"]
[SourceDate "2019.10.17"]
[SourceVersion "1"]
[SourceVersionDate "2019.10.17"]
[SourceQuality "1"]

1. e4 e5 2. Bc4 Nf6 3. d3 c6 4. Nf3 d5 5. Bb3 Bd6 6. Nc3 dxe4 7. Ng5 Rf8 8. Ncxe4 Bf5 9. Qf3 Bg6 10. h4 h6 11. Nxf6+ Qxf6 12. Qxf6 gxf6 13. Ne4 Bxe4 14. dxe4 h5 15. Be3 Na6 16. Rd1 Bc5 17. Ke2 Ke7 18. c3 Rfd8 19. Rxd8 Rxd8 20. Rd1 Rg8 21. g3 Bxe3 22. Kxe3 Nc5 23. Bc2 a5 24. Rd2 Ke6 25. b4 axb4 26. cxb4 Na6 27. a3 Ke7 28. Bd1 Rh8 29. Bb3 Ra8 30. Re2 1/2-1/2

[Event "Ulaanbaatar Ikh Nuudel op"]
[Site "Ulaanbaatar"]
[Date "2016.10.05"]
[Round "9"]
[White "Enkhsaran, Batsaikhan"]
[Black "Amarsaikhan, Dashtogtokh"]
[Result "1/2-1/2"]
[WhiteElo "1380"]
[BlackElo "1764"]
[PlyCount "54"]
[EventDate "2016.09.29"]
[EventType "swiss"]
[EventRounds "9"]
[EventCountry "MGL"]
[SourceTitle "CBM 174 Extra"]
[Source "ChessBase"]
[SourceDate "2016.10.10"]
[SourceVersion "1"]
[SourceVersionDate "2016.10.10"]
[SourceQuality "1"]

1. e4 d6 2. d4 Nf6 3. Nc3 e5 4. Nf3 Nbd7 5. Bc4 Be7 6. 0-0 0-0 7. h3 c6 8. Re1 a5 9. a3 Qc7 10. Bb3 h6 11. Be3 Re8 12. Qd2 Bf8 13. d5 c5 14. Bc4 Kh7 15. Bd3 g6 16. b4 b6 17. bxc5 bxc5 18. Nb5 Qd8 19. c4 Ba6 20. Rab1 Rb8 21. Na7 Rxb1 22. Rxb1 Qc7 23. Nc6 a4 24. Qc2 Nb6 25. Bd2 Nfd7 26. Ba5 Bb7 27. Qb2 Bxc6 1/2-1/2

[Event "World ol U16"]
[Site "Ulaanbaatar"]
[Date "2015.08.28"]
[Round "10.3"]
[White "Amarsaikhan, Dashtogtokh"]
[Black "Mungunzul, Bat Erdene"]
[Result "1/2-1/2"]
[WhiteElo "1766"]
[BlackElo "1564"]
[PlyCount "41"]
[EventDate "2015.08.20"]
[EventType "team-swiss"]
[EventRounds "9"]
[EventCountry "MGL"]
[SourceTitle "EXT 2017"]
[Source "ChessBase"]
[SourceDate "2016.10.25"]
[SourceVersion "1"]
[SourceVersionDate "2016.10.25"]
[SourceQuality "1"]
[WhiteTeam "Mongolia"]
[BlackTeam "Mongolia II"]
[WhiteTeamCountry "MGL"]
[BlackTeamCountry "MGL"]

1. e4 e5 2. Bc4 Nc6 3. Nc3 Bc5 4. d3 Nf6 5. f4 exf4 6. Bxf4 d6 7. Nf3 Bg4 8. Na4 Bd4 9. h3 Bxf3 10. Qxf3 a6 11. Nc3 Qd7 12. 0-0-0 0-0-0 13. Nd5 Nxd5 14. Bxd5 f6 15. c3 Bb6 16. Rhe1 Ne5 17. Qg3 c6 18. Bb3 Bc7 19. d4 Ng6 20. Bc2 Rdf8 21. Bd2 1/2-1/2

[Event "World ol U16"]
[Site "Ulaanbaatar"]
[Date "2015.08.22"]
[Round "3.3"]
[White "Amarsaikhan, Dashtogtokh"]
[Black "Woong, Zhi Wei William"]
[Result "1/2-1/2"]
[WhiteElo "1766"]
[BlackElo "2053"]
[PlyCount "103"]
[EventDate "2015.08.20"]
[EventType "team-swiss"]
[EventRounds "9"]
[EventCountry "MGL"]
[SourceTitle "EXT 2016"]
[Source "ChessBase"]
[SourceDate "2015.10.08"]
[SourceVersion "1"]
[SourceVersionDate "2015.10.08"]
[SourceQuality "1"]
[WhiteTeam "Mongolia"]
[BlackTeam "Singapore"]
[WhiteTeamCountry "MGL"]
[BlackTeamCountry "SIN"]

1. e4 c5 2. Nc3 Nc6 3. g3 g6 4. Bg2 Bg7 5. d3 d6 6. Be3 e6 7. Qd2 Nge7 8. Bh6 0-0 9. Bxg7 Kxg7 10. Nge2 e5 11. 0-0 Be6 12. Nd1 d5 13. exd5 Bxd5 14. Bxd5 Qxd5 15. Ndc3 Qd7 16. Qe3 b6 17. f4 Rae8 18. Qf2 f5 19. fxe5 Nxe5 20. h3 N5c6 21. Rae1 g5 22. Kh2 Ng6 23. Ng1 Rxe1 24. Qxe1 Nd4 25. Qd1 Qc7 26. Nd5 Qd6 27. c4 f4 28. gxf4 Nxf4 29. Nxf4 Ne6 30. Nge2 Nxf4 31. Nxf4 Rxf4 32. Rxf4 gxf4 33. Qg4+ Kf7 34. Qf5+ Ke8 35. Qc8+ Ke7 36. Qb7+ Kf6 37. Qf3 Qe5 38. Qc6+ Kg5 39. Qg2+ Kf5 40. Qg4+ Kf6 41. Qh4+ Qg5 42. Qf2 Ke6 43. Qf3 Kd6 44. Kh1 Qe5 45. Qf2 Qf5 46. Qf3 h5 47. Kg2 Qg5+ 48. Kf1 h4 49. a3 Qe5 50. Qf2 a5 51. Qxh4 Qe3 52. Qd8+ 1/2-1/2